Strength Of Materials Stephen Timoshenko Part 1 (Record no. 860)
[ view plain ]
| 000 -LEADER | |
|---|---|
| fixed length control field | 00315nam a22001337a 4500 |
| 041 ## - LANGUAGE CODE | |
| Language code of text/sound track or separate title | ENG |
| 100 ## - MAIN ENTRY--PERSONAL NAME | |
| Personal name | Theory.E |
| 245 ## - TITLE STATEMENT | |
| Title | Strength Of Materials Stephen Timoshenko Part 1 |
| 260 ## - PUBLICATION, DISTRIBUTION, ETC. (IMPRINT) | |
| Place of publication, distribution, etc | Delhi |
| Name of publisher, distributor, etc | CBS PUBlishers & Distributors |
| Date of publication, distribution, etc | 1986 |
| 300 ## - PHYSICAL DESCRIPTION | |
| Extent | 440 |
| 650 ## - SUBJECT ADDED ENTRY--TOPICAL TERM | |
| Topical term or geographic name as entry element | FS |
| 700 ## - ADDED ENTRY--PERSONAL NAME | |
| Personal name | Problems |
| 856 ## - ELECTRONIC LOCATION AND ACCESS | |
| Uniform Resource Identifier | FS (36 ) |
No items available.